00000000nas##2200000za#4500
0019.515059
003CaOODSP
00520200331212401
007ta
008150406c2002||||xxc|| m #||||f|   |0eng|d
040 |aCaOODSP|beng
043 |an-cn---
0861 |aEn40-238E
1101 |aCanada.|bEnvironment Canada. |bGreenhouse Gas Division.
24510|aCanada's greenhouse gas inventory factsheet / |cIssued by the Greenhouse Gas Division.
260 |aOttawa - Ontario : |bEnvironment Canada. |c2002.
500 |a"GHG trends information from Environment Canada's Greenhouse Gas Division"
563 |aPamphlet
69007|aGreenhouse gases|2gcpds
69007|aMeasurement|2gcpds
69007|aTrends|2gcpds
77508|tInventaire des gaz à effet de serre du Canada fiche / |w(CaOODSP)9.513395
7760#|tCanada's greenhouse gas inventory factsheet / |w(CaOODSP)9.504500